Click the Capitals of Oceania on the Map - Statistics

General Stats
  • This quiz has been taken 34 times
  • The average score is 9 of 14
Answers on the Map
Answers color-coded by a green-red scale on the quiz's map according to % correct below.
 
Answer Stats
Answer % Correct
Canberra
95%
Wellington
95%
Port Moresby
89%
Suva
79%
Funafuti
63%
Nuku'alofa
63%
Palikir
63%
Tarawa
63%
Yaren
58%
Apia
53%
Ngerulmud
53%
Majuro
47%
Port Vila
47%
Honiara
42%
No matching quizzes found
Score Distribution
Percent of People with Each Score
Percentile by Number Answered
Your Score History
You have not taken this quiz